00528nam a2200169Ia 4500003000900000008004100009020002200050040001600072080001700088100002000105245011700125260003000242300001400272650002000286650003700306650001500343IN-BaIIA211028s9999 xx 000 0 eng d a978-3-639-02445-6 cIIA Library a535.317bVAN aVan Dam, Marcos 0aWave-front sensing for adaptive optics in astronomycMarcos Van Dam  aGermanybVDM Verlagc2008 axv, 222p. aAdaptive optics aMathematical preliminaries light aTurbulence